| 000 | 00781cam a22002773a 4500 | ||
|---|---|---|---|
| 001 | 31266 | ||
| 003 | PGUSA | ||
| 005 | 20140828083657.0 | ||
| 008 | 100212s2010||||xxu|||||s|||||000 | eng d | ||
| 040 |
_aPGUSA _beng |
||
| 042 | _adc | ||
| 050 | 4 | _aPR | |
| 100 | 1 |
_aBarrie, J. M. _q(James Matthew), _d1860-1937 |
|
| 245 | 1 | 0 |
_aQuality Street : _bA Comedy _h[electronic resource] / _cJ. M. Barrie |
| 260 |
_bProject Gutenberg, _c2010 |
||
| 506 | _aPublic domain in the USA. | ||
| 516 | _aElectronic text | ||
| 653 | _aWomen teachers -- Drama | ||
| 653 | _aSingle women -- Drama | ||
| 653 | _aCourtship -- Drama | ||
| 653 | _aSisters -- Drama | ||
| 653 | _aComedies | ||
| 830 | 0 |
_aProject Gutenberg _v31266 |
|
| 856 | 4 | 0 | _uhttp://www.gutenberg.org/ebooks/31266 |
| 942 | _cEB | ||
| 999 |
_c260521 _d260521 |
||